Statistics for Countries That Border Mali

Click here to take the quiz!

General Stats

  • This quiz has been taken 13 times
  • The average score is 7 of 7

Answer Stats

DirectionAnswer% Correct
NAlgeria
100%
EBurkina Faso
100%
WMauritania
100%
ENiger
100%
WSenegal
100%
SCote d'Ivoire
92%
SGuinea
85%

Score Distribution

Percentile by Number Answered

Percent of People with Each Score

Your Score History

You have not taken this quiz